| 000 | 00314nam a2200121 i 4500 | ||
|---|---|---|---|
| 001 | bg | ||
| 245 | 0 |
_aKonferencja naukowo-techniczna. _nT. 4, _pElektroelektronika. Maszyny elektryczne. |
|
| 260 |
_aBiaĆystok, _c1984. |
||
| 040 | _cBPK | ||
| 041 | _apol | ||
| 942 | _cKS | ||
| 008 | s pl f |000 0 pol | ||
| 999 |
_c28342 _d28342 |
||
| 856 |
_uhttp://koha.tu.koszalin.pl/cgi-bin/koha/opac-detail.pl?biblionumber=28342 _yKatalog online BPK |
||